00461nam a2200145Ia 4500008004100000100001800041245007300059245003500132260003900167260000900206300000900215650001800224650001500242856005800257170221s9999 xx 000 0 und d aNeill Korobov aUsing Improprieties to Pursue Intimacy in Speed-dating Interactions  cNeill Korobov, Justin Laplante bStudies in Media and Communication c2016 a10 : xCommunication xMedia Arts uhttp://redfame.com/journal/index.php/smc/issue/view/6